000 00599 a2200133 4500
082 _aMSIT-8
100 _aAzfar Shakeel Khan
_9100210
245 _aHigh quality random number generator using programmable cellular automata [Project MSIT-8]
_cAzfar Shakeel Khan
260 _aIslamabad
_bNUST School of Electrical Engineering and Computer Science
_c2011.
300 _avii, 109p.
_b:ill.
_c;27cm.+
_eCD-ROM
500 _aSupervisors: Dr. Nazar Abbas Saqib, Dr. Fauzan Mirza, Dr. Zahid Anwar, Mr. Ammar Karim
856 _uhttp://10.250.8.41:8080/xmlui/handle/123456789/9915
942 _cPR
_kMSIT-8 AZA
_2ddc
999 _c10507
_d10507